000 01204cab a2200253 4500
001 ##L133793
008 060609n2006 000 0 eng u
035 _a(Sirsi) u133793
041 0 _aeng
245 0 0 _aCentral and eastern Europe
_bsurvey
260 _c2006
490 0 _aEuroProperty
_vJune 2006, 41-49(8)
520 _aReports that property markets in central Europe are showing the same characteristics as the west, with eastern markets rapidly converging. Looks at the rush of capital into Polish, Hungarian and Czech property despite yield compression and lacklustre rents; the shift of buyers towards eastern Europe's new emerging markets, Romania and Bulgaria, in the light of yield compression in previously favoured countries in the region; and worries of oversupply blocking rental growth, as seen in Poland and to a lesser extent in Hungary and the Czech Republic. Tables.
590 _aIKA200606
651 4 _aCENTRAL EUROPE
651 4 _aEASTERN EUROPE
651 4 _aPOLAND
651 4 _aHUNGARY
651 4 _aCZECH REPUBLIC
651 4 _aBULGARIA
651 4 _aROMANIA
690 _aPROPERTY-COMMERCIAL PROPERTY-COMMERCIAL PROPERTY FINANCE AND INVESTMENT
942 _n0
999 _c77209
_d77209